000 00825nam a2200205Ii 4500
003 JO-AjNU
008 230605s9999||||xx |||||||||||||| ||und||
017 _a533
040 _aJO-AjNU
_bara
_erda
_cJO-AjNU
041 _aara
050 1 4 _aTC 970 1986
100 3 _aتاليف حمادي، خالد بدر / م. مشارك النجم، محمد عبدالله,
_eauthor
_937392
245 0 0 _a البزل : لطلبة الصفوف الثالثة - اقسام التربية 
264 3 1 _aالموصل: وزارة التعليم العالي ,1986
300 _a174ص
_bمعجم مصطلحات من171-175
336 _atext
_btxt
_2rdacontent
337 _aunmediated
_bn
_2rdamedia
338 _avolume
_bnc
_2rdacarrier
650 4 _aالبزل -تعلم وتعليم- مجاري صحية-تعلم وتعليم
_937393
999 _aA15619
_c19187
_d19187